Intrenched meanders of the North Fork of the Shenandoah River, Virginia /
"A study of the channel of a river intrenched in hard rocks and an analysis of factors that cause it to meander."
| Main Author: | |
|---|---|
| Format: | Government Document Book |
| Language: | English |
| Published: |
Washington :
U.S. Govt. Print. Off,
1959.
|
| Series: | Professional paper (Geological Survey (U.S.)) ;
354-A. Shorter contributions to general geology. |
| Subjects: |
MARC
| Tag | First Indicator | Second Indicator | Subfields |
|---|---|---|---|
| LEADER | 00000cam a2200000I 4500 | ||
| 001 | in00002784617 | ||
| 005 | 20151202171848.0 | ||
| 008 | 770528s1959 dcua b f000 0 eng d | ||
| 035 | |a (OCoLC)ocm03000821 | ||
| 035 | |a (OCoLC)3000821 | ||
| 040 | |a CSU |c CSU |d IAS |d OCLCQ |d ZEM |d NRU |d UtOrBLW | ||
| 043 | |a n-us-va |a n-us-wv | ||
| 049 | |a TXAM | ||
| 050 | 4 | |a QE75 |b .P9 no.354-A | |
| 082 | 0 | 4 | |a 557.3 |b U58p no. 354-A |
| 086 | 0 | |a I 19.16:354-A | |
| 100 | 1 | |a Hack, John T. |q (John Tilton), |d 1913-1991. | |
| 245 | 1 | 0 | |a Intrenched meanders of the North Fork of the Shenandoah River, Virginia / |c By John T. Hack and Robert S. Young. |
| 264 | 1 | |a Washington : |b U.S. Govt. Print. Off, |c 1959. | |
| 300 | |a 10 pages : |b illustrations ; |c 29 cm. | ||
| 336 | |a text |b txt |2 rdacontent | ||
| 337 | |a unmediated |b n |2 rdamedia | ||
| 338 | |a volume |b nc |2 rdacarrier | ||
| 490 | 1 | |a Geological Survey (U.S.). Professional paper ; |v 354-A | |
| 504 | |a Includes bibliographical references. | ||
| 520 | |a "A study of the channel of a river intrenched in hard rocks and an analysis of factors that cause it to meander." | ||
| 650 | 0 | |a Meandering rivers |z Virginia |z North Fork. | |
| 651 | 0 | |a Shenandoah River (Va. and W. Va.) | |
| 830 | 0 | |a Professional paper (Geological Survey (U.S.)) ; |v 354-A. | |
| 830 | 0 | |a Shorter contributions to general geology. | |
| 948 | |a cataloged |b h |c 2012/12/14 |d c |e mvaldespin |f 09:56:31 am | ||
| 994 | |a C0 |b TXA | ||
| 999 | |a MARS | ||
| 999 | f | f | |s d206845e-9eb7-39bf-8a81-b65222b77d5c |i 81aaac43-84d9-373a-b293-61500dc805b5 |t 0 |
| 952 | f | f | |p normal |a Texas A&M University |b College Station |c Sterling C. Evans Library |d Evans: US Documents (Annex 5th floor) |t 0 |e I 19.16:354-356 |h Superintendent of Documents classification |i unmediated -- volume |m A14814191585 |
| 952 | f | f | |a Texas A&M University |b College Station |c Sterling C. Evans Library |d Evans: US Documents (Annex 5th floor) |t 0 |e I 19.16:354-356 |h Superintendent of Documents classification |
| 998 | f | f | |a I 19.16:354-356 |t 0 |l Evans: US Documents (Annex 5th floor) |